| 000 | 00750nam a2200193 a 4500 | ||
|---|---|---|---|
| 001 | 29155 | ||
| 005 | 20180713232142.0 | ||
| 008 | 140415s1994 mx 000 0 spa d | ||
| 020 | _a9700505049 | ||
| 041 | _aspa | ||
| 082 |
_a330.972063 _bZAI |
||
| 100 | 1 | _aZaid, Gabriel. | |
| 245 | 1 | 3 | _aLA NUEVA ECONOMIA PRESIDENCIAL |
| 250 | _a1a ed. | ||
| 260 |
_aMEXICO : _bGRIJALBO, _c1994 |
||
| 300 |
_a161 _c16.5 x 0.8 x 22.5 |
||
| 520 | _aEL AUTOR HABLA AQUI SOBRE LA NUEVA ECONOMÍA PRESIDENCIAL, LA QUE ABONDONÓ LA VIEJA RETORICA REVOLUCIONARIA, JACOBINA Y TERCERMUNDISTA EN UN PASO HACIA LA ECONOMÍA DEL PRIMER MUNDO | ||
| 650 | 1 | 4 |
_aCRISIS ECONOMICA _xMEXICO _xECONOMIA _xMODERNIZACION _xPOLITICA _xPOLITICA ECONOMICA _xMEXICO _xSIGLO XX |
| 999 |
_c29155 _d29155 |
||